Instrucriones practicae in quibus agitur de sanctissimo sacrificio missae, de mystica theologia, de horis canonicis, ...

Detalles Bibliográficos
Autor principal: LOHNER, Tobías
Formato: Libro
Publicado: Venecia 1736
Materias:
Colección:Banco de datos
Acervo:Biblioteca del Museo Regional de Querétaro. INAH. Querétaro
Descripción Física:t. V
Tema general:Pastoral
Notas:Regular. Marca de fuego del Convento de San Diego de la Ciudad de México. 2Ñ7, 7.
LEADER 00811nam a22002050004500
035 |a 24252 
036 |a 103 
100 1 |a LOHNER, Tobías 
245 1 0 |a Instrucriones practicae in quibus agitur de sanctissimo sacrificio missae, de mystica theologia, de horis canonicis, ... 
260 |a Venecia  |b Tipografía Hertziana imp.  |c 1736 
300 |a t. V 
500 |a Regular. Marca de fuego del Convento de San Diego de la Ciudad de México. 2Ñ7, 7. 
650 1 0 |a Pastoral 
949 |a C.R.Q. 
959 |a Ex convento Grande de San Francisco de la ciudad de Querétaro, Museo Regional de Querétaro  |b CCC2 
960 |a Convento de San Diego de la ciudad de México  |b DD99 
961 |a Franciscana  |b OF 
942 |c C.R.Q. 
943 |g Biblioteca del Museo Regional de Querétaro. INAH. Querétaro 
999 |c 980568  |d 980568